000 01180nam a2200325Ia 4500
001 7431
003 IT-RoPAU
008 130308s9999 xx 000 0 und d
040 _aIT-RoPAU
040 _cIT-RoPAU
041 _aFRANCESE
100 _aAA.VV.
100 _gCodice Aut. SPICS: 12000
245 _aIdentitè individuelle et personnalisation
245 _bIdentite' Individuelle et Personnalisation
250 _a1a ed.
260 _aTOULOUSE
260 _bPrivat
260 _c1980 [1° Ed.:1980 - Ed.Ling.Originale:1980]
300 _a"410 p. (prefazione: no ; testo: 410)"
500 _aAtti del Colloquio internazionale di tolosa 1979 Produzione e Affermazione dell'Identità Identità Individuale e Personalizzazione Formazione Evoluzione e Involuzione dell'Identità Determinanti Genetiche e Socio Cognitive dell'Identità Identità Identificazione e Processo Incosciente Identità Corpo e Sessualità Identità Educazione e Formazione
650 _aSAGGI DI PSICOLOGIA
650 _eCodice materia Spics: 3607
700 _aTap Pierre
700 _gCodice Aut. SPICS: 10374
942 _cBK
957 _71
999 _c66609
_d66609
999 _bSI
999 _g1